[Event "European Youth Chess Championship G14"]
[Site "Prague, Top Hotel Prague"]
[Date "2016.08.18"]
[Round "1.23"]
[White "Sankova, Stella"]
[Black "Nass, Maria"]
[Result "1-0"]
[WhiteElo "1898"]
[BlackElo "1588"]
[PlyCount "59"]
[EventDate "2016.08.18"]

1. d4 f5 2. g3 g6 3. Bg2 Nf6 4. Nf3 Bg7 5. O-O O-O 6. c4 d6 7. Nc3 Nc6 8. d5
Ne5 9. Nxe5 dxe5 10. Qb3 e4 11. Rd1 Rb8 12. Nb5 a6 13. Nxc7 b6 14. c5 b5 15.
Bf4 Rb7 16. d6+ Kh8 17. dxe7 Qxe7 18. Bd6 Qf7 19. Bxf8 Qxf8 20. Ne6 Bxe6 21.
Qxe6 Rb8 22. c6 Qc8 23. Qd6 Ne8 24. Qd7 Bxb2 25. Rab1 Bg7 26. Rbc1 Nc7 27. Qf7
Ne8 28. c7 Rb7 29. Qxe8+ Qxe8 30. Rd8 1-0

[Event "European Youth Chess Championship G14"]
[Site "Prague, Top Hotel Prague"]
[Date "2016.08.18"]
[Round "1.24"]
[White "Waardenburg, Marlinde"]
[Black "Rudzinska, Michalina"]
[Result "0-1"]
[WhiteElo "1580"]
[BlackElo "1896"]
[PlyCount "54"]
[EventDate "2016.08.18"]

1. e4 c5 2. Nf3 e6 3. Nc3 a6 4. d4 cxd4 5. Nxd4 b5 6. Bd3 Bb7 7. O-O Qc7 8. a3
Nf6 9. Qe2 d6 10. f4 Nc6 11. Nf3 g6 12. Kh1 Bg7 13. f5 O-O 14. Be3 Nd7 15. Qd2
Nce5 16. Ng5 exf5 17. exf5 d5 18. Bf4 Qc6 19. fxg6 fxg6 20. Ne2 Nc4 21. Bxc4
dxc4 22. Nf3 Nc5 23. Ned4 Qd5 24. Bg3 Rad8 25. Rad1 Bxd4 26. Qe2 Qe4 27. Nxd4
Rxf1+ 0-1

[Event "European Youth Chess Championship G14"]
[Site "Prague, Top Hotel Prague"]
[Date "2016.08.18"]
[Round "1.25"]
[White "Strukova, Ksenia"]
[Black "Rubsamen, Anais"]
[Result "1-0"]
[WhiteElo "1894"]
[BlackElo "1578"]
[PlyCount "109"]
[EventDate "2016.08.18"]

1. e4 g6 2. d4 Bg7 3. Nc3 c6 4. Nf3 d5 5. e5 Nh6 6. h4 Bg4 7. Be2 f6 8. h5 Nf7
9. exf6 exf6 10. Nh4 gxh5 11. Bxg4 hxg4 12. Qxg4 Ng5 13. Nf5 Bf8 14. Bxg5 fxg5
15. O-O-O Qf6 16. Ng3 Qf4+ 17. Qxf4 gxf4 18. Nh5 Bd6 19. Rde1+ Kf7 20. Rh4 Nd7
21. Nxf4 Be7 22. Rh5 Nf6 23. Rh3 Bb4 24. Nd3 Bxc3 25. Ne5+ Ke6 26. Rxc3 Ne4 27.
Rh3 Nxf2 28. Rh6+ Ke7 29. Ng6+ Kd7 30. Nxh8 Rxh8 31. Rf1 Rf8 32. Rxh7+ Kc8 33.
Re1 Ne4 34. Re7 Rf2 35. g4 Rg2 36. Rh1 Kd8 37. Rxb7 Nd6 38. Rh8+ Ne8 39. Rb8+
Kd7 40. Rbxe8 Rxg4 41. c3 Rg1+ 42. Kd2 Rg2+ 43. Re2 Rg7 44. Ra8 Kd6 45. Rd8+
Kc7 46. Rde8 Kb6 47. Kd3 Rg1 48. Kc2 Rg7 49. Kb3 Ka5 50. R2e7 Rxe7 51. Rxe7 a6
52. c4 c5 53. dxc5 d4 54. Ka3 d3 55. b4# 1-0

[Event "European Youth Chess Championship G14"]
[Site "Prague, Top Hotel Prague"]
[Date "2016.08.18"]
[Round "1.26"]
[White "Greibrokk, Maria"]
[Black "Bucur, Denisa-Andreea"]
[Result "0-1"]
[WhiteElo "1567"]
[BlackElo "1893"]
[PlyCount "70"]
[EventDate "2016.08.18"]

1. e4 c5 2. Nf3 e6 3. d4 cxd4 4. Nxd4 a6 5. Nc3 Qc7 6. Be3 Nf6 7. a3 b5 8. Bd3
Bb7 9. f3 Bc5 10. Qd2 d6 11. Nb3 Bxe3 12. Qxe3 Nbd7 13. O-O h5 14. a4 bxa4 15.
Nxa4 Ke7 16. Rfe1 Rag8 17. Nc3 Qc8 18. Qe2 Nc5 19. e5 dxe5 20. Nxc5 Qxc5+ 21.
Kh1 Nd7 22. Bxa6 Bc6 23. Ne4 Qb6 24. c3 g5 25. b4 g4 26. h4 gxh3 27. gxh3 f5
28. Nd2 Rg3 29. Qe3 Rhg8 30. Kh2 Rg2+ 31. Kh1 Qxe3 32. Rxe3 Rxd2 33. b5 Bd5 34.
Rg1 Rxg1+ 35. Kxg1 Kd6 0-1

[Event "European Youth Chess Championship G14"]
[Site "Prague, Top Hotel Prague"]
[Date "2016.08.18"]
[Round "1.27"]
[White "Swiech, Joanna"]
[Black "Szczerbacewicz, Nastia"]
[Result "1-0"]
[WhiteElo "1888"]
[BlackElo "1565"]
[PlyCount "115"]
[EventDate "2016.08.18"]

1. c4 Nf6 2. g3 g6 3. Bg2 Bg7 4. Nc3 d6 5. e3 O-O 6. Nge2 e5 7. d4 Re8 8. O-O
e4 9. Qc2 Bf5 10. Rd1 Nbd7 11. a3 h5 12. b4 Nf8 13. Bb2 N8h7 14. h4 Qd7 15. Nf4
g5 16. hxg5 Nxg5 17. Rac1 Nf3+ 18. Kf1 Ng4 19. Bxf3 Nh2+ 20. Kg1 Nxf3+ 21. Kg2
h4 22. Rh1 hxg3 23. fxg3 Bg4 24. Nce2 Ng5 25. Ng1 Qf5 26. Kf2 c6 27. Rf1 d5 28.
Rh4 Bf6 29. Rh2 Nf3 30. Nxf3 Bxf3 31. Ke1 Qg5 32. Rg1 Kg7 33. cxd5 cxd5 34. Qb3
Red8 35. Rc2 Rd7 36. Qa4 Qg4 37. Rh2 Bg5 38. Kf2 Rc8 39. Qb3 Rdc7 40. Nh5+ Kf8
41. Ke1 Rc4 42. b5 Bd8 43. a4 Ba5+ 44. Kf1 Bd1 45. Ba3+ Kg8 46. Nf6+ Kg7 47.
Nxg4 Bxb3 48. Rgh1 Rc1+ 49. Bxc1 Rxc1+ 50. Kg2 Bd1 51. Rh7+ Kf8 52. Ne5 Rc2+
53. Kh3 Be2 54. Rxf7+ Ke8 55. Rxb7 Bb6 56. g4 Rc3 57. Kg3 Bxd4 58. Rh8# 1-0

[Event "European Youth Chess Championship G14"]
[Site "Prague, Top Hotel Prague"]
[Date "2016.08.18"]
[Round "1.28"]
[White "Golsta, Ramona"]
[Black "Ferkova, Dominika"]
[Result "0-1"]
[WhiteElo "1561"]
[BlackElo "1885"]
[PlyCount "34"]
[EventDate "2016.08.18"]

1. d4 d5 2. Nf3 Nf6 3. Bg5 Ne4 4. Bh4 c5 5. e3 Qb6 6. Qc1 cxd4 7. exd4 g5 8.
Bg3 Bh6 9. c3 g4 10. Nfd2 Bf5 11. Be2 Nc6 12. b3 Nxd4 13. Qb2 Nc2+ 14. Kd1
Nxf2+ 15. Bxf2 Qxf2 16. Bb5+ Kf8 17. a3 Qxg2 0-1

[Event "European Youth Chess Championship G14"]
[Site "Prague, Top Hotel Prague"]
[Date "2016.08.18"]
[Round "1.29"]
[White "Bogdanic, Katarina"]
[Black "Mkrtchyan, Anahit"]
[Result "1-0"]
[WhiteElo "1883"]
[BlackElo "1561"]
[PlyCount "143"]
[EventDate "2016.08.18"]

1. c4 e5 2. g3 Nc6 3. Bg2 Nf6 4. Nc3 Bc5 5. Nf3 O-O 6. O-O d6 7. d3 Bg4 8. a3
a5 9. b3 Qd7 10. Bb2 Bh3 11. Qd2 Bxg2 12. Kxg2 Ne8 13. e3 f5 14. h3 Nf6 15. d4
e4 16. Ng1 Ba7 17. Nge2 d5 18. Qc2 Ne7 19. cxd5 Nexd5 20. Nxd5 Nxd5 21. Nc3 c6
22. Rac1 Rac8 23. Qd2 h6 24. Qe2 Nxc3 25. Bxc3 Qd5 26. Qc4 Bb6 27. Bd2 Kh7 28.
b4 Ra8 29. Rc2 Qxc4 30. Rxc4 Rfd8 31. f3 exf3+ 32. Rxf3 Kg6 33. g4 fxg4 34.
hxg4 axb4 35. Bxb4 Ba5 36. a4 Bc7 37. Bc3 Rf8 38. d5 Rxf3 39. Kxf3 Ra6 40. e4
Bb8 41. dxc6 bxc6 42. e5 Kf7 43. Rb4 Ba7 44. Rb7+ Ke6 45. a5 g6 46. Rg7 Bb8 47.
Rxg6+ Kd7 48. e6+ Ke7 49. Ke4 Bd6 50. Kf5 Bc7 51. Rg7+ Kd6 52. Be5+ Kc5 53.
Bxc7 Ra8 54. e7 Re8 55. a6 Kb5 56. a7 Ka6 57. Bb8 Kb7 58. Ke6 c5 59. Kd5 Ka8
60. Kxc5 h5 61. gxh5 Rh8 62. Rg5 Re8 63. Re5 Rc8+ 64. Kd6 Rc6+ 65. Kd5 Rc8 66.
e8=Q Rxe8 67. Rxe8 Kb7 68. h6 Ka8 69. h7 Kb7 70. h8=Q Ka8 71. Be5+ Kxa7 72.
Ra8+ 1-0

[Event "European Youth Chess Championship G14"]
[Site "Prague, Top Hotel Prague"]
[Date "2016.08.18"]
[Round "1.30"]
[White "Dziho, Sadzida"]
[Black "Koubova, Anna Marie"]
[Result "0-1"]
[WhiteElo "1539"]
[BlackElo "1868"]
[PlyCount "52"]
[EventDate "2016.08.18"]

1. d4 Nf6 2. c4 g6 3. Nf3 Bg7 4. Bg5 c5 5. e3 Ne4 6. Bf4 Nc6 7. Nbd2 Qa5 8. d5
Nxd2 9. Nxd2 Ne5 10. Be2 a6 11. O-O b5 12. Nb3 Qb6 13. Qc2 d6 14. Nd2 O-O 15.
Rac1 Qb7 16. Qb3 Nxc4 17. Bxc4 bxc4 18. Qxb7 Bxb7 19. Nxc4 a5 20. b3 Ba6 21.
Rfd1 Bxc4 22. Rxc4 Rfb8 23. e4 a4 24. Rd3 axb3 25. axb3 Ra3 26. Ra4 Rxa4 0-1

[Event "European Youth Chess Championship G14"]
[Site "Prague, Top Hotel Prague"]
[Date "2016.08.18"]
[Round "1.31"]
[White "Hercog, Nusa"]
[Black "Markova, Kristyna"]
[Result "1-0"]
[WhiteElo "1865"]
[BlackElo "1536"]
[PlyCount "125"]
[EventDate "2016.08.18"]

1. d4 d5 2. c4 e6 3. Nf3 Nf6 4. Nc3 Nbd7 5. Bf4 Bb4 6. e3 O-O 7. h3 c5 8. a3
Bxc3+ 9. bxc3 Ne4 10. Qb3 Ndf6 11. Be2 b6 12. O-O Bb7 13. Rfd1 Qe7 14. Ne5 Nd7
15. Nxd7 Qxd7 16. f3 Nd6 17. cxd5 c4 18. Qb4 Rad8 19. Bxc4 Nxc4 20. Qxc4 Bxd5
21. Qd3 Rc8 22. e4 Bc4 23. Qe3 Qb5 24. a4 Qa5 25. Bd6 Rfd8 26. Bb4 Qa6 27. Qg5
h6 28. Qg3 Rd7 29. Rd2 Bb3 30. a5 b5 31. Qg4 Qc6 32. Re1 Rcd8 33. f4 a6 34. Re3
f6 35. Qg6 Qc7 36. Rf2 Kh8 37. Rg3 Qb7 38. Bc5 Rc8 39. Rg4 Qc7 40. Rh4 Rg8 41.
Rf3 Qd8 42. Rg3 Qe8 43. Qg4 Rf7 44. Re3 Qd8 45. Bb6 Qe7 46. Bc5 Qd8 47. Bb6 Qe7
48. Rh5 Qa3 49. Rg3 Qf8 50. Rc5 Bc4 51. Re3 f5 52. exf5 exf5 53. Qf3 Re7 54.
Rxe7 Qxe7 55. Rxf5 Qe1+ 56. Kh2 Be2 57. Qe3 Qd1 58. d5 Bh5 59. Bd4 Bg6 60. Re5
Qb3 61. f5 Bf7 62. Re7 Kh7 63. Rxf7 1-0

[Event "European Youth Chess Championship G14"]
[Site "Prague, Top Hotel Prague"]
[Date "2016.08.18"]
[Round "1.32"]
[White "Norlamo, Sarabella"]
[Black "Pribylova, Sofie"]
[Result "1/2-1/2"]
[WhiteElo "1534"]
[BlackElo "1864"]
[PlyCount "102"]
[EventDate "2016.08.18"]

1. Nf3 Nf6 2. d4 g6 3. c4 Bg7 4. Nc3 d5 5. cxd5 Nxd5 6. e4 Nxc3 7. bxc3 c5 8.
Be3 Nc6 9. Bc4 O-O 10. Rc1 Bg4 11. dxc5 Qa5 12. Qb3 Bxf3 13. gxf3 Ne5 14. Be2
Nd7 15. Qxb7 Bxc3+ 16. Kf1 Nxc5 17. Qxe7 Ne6 18. Qd7 Bb2 19. Rc2 Rfd8 20. Qb5
Qxb5 21. Bxb5 Bd4 22. Kg2 $11 Rab8 23. Bc4 Rb6 24. Bxe6 Rxe6 25. Bxd4 Rxd4 26.
Rb1 Rd7 27. Rb3 Kg7 28. Rcb2 Ra6 29. Rc2 Re7 30. Rbc3 Ra4 31. Rc4 Ra3 32. R4c3
Ra5 33. Rc5 Ra3 34. R5c3 Ra6 35. Rc6 Re6 36. R6c5 Kf6 37. Kg3 Ra4 38. Kf4 h6
39. Rd5 Rea6 40. Rdd2 Kg7 41. Rb2 R6a5 42. Rdc2 Rf5+ 43. Kg3 Rg5+ 44. Kf4 Rf5+
45. Kg3 Rf6 46. Rd2 g5 47. Rb3 Rb6 48. Rbb2 Kg6 49. Rdc2 f5 50. Re2 Ra3 51. Kg2
Ra5 $11 1/2-1/2

[Event "European Youth Chess Championship G14"]
[Site "Prague, Top Hotel Prague"]
[Date "2016.08.18"]
[Round "1.33"]
[White "Waszczuk, Patrycja"]
[Black "Munte, Noa"]
[Result "1/2-1/2"]
[WhiteElo "1859"]
[BlackElo "1529"]
[PlyCount "53"]
[EventDate "2016.08.18"]

1. e4 c5 2. Nf3 Nc6 3. d4 cxd4 4. Nxd4 e5 5. Nb3 Nf6 6. Bd3 d5 7. exd5 Nxd5 8.
a3 g6 9. c4 Nc7 10. O-O f5 11. Nc3 Bg7 12. f3 O-O 13. Be3 Nd4 14. Bxd4 exd4 15.
Ne2 Ne6 16. Qd2 b6 17. Kh1 a5 18. Qc2 a4 19. Nd2 Nc5 20. Rfe1 Qd6 21. Rad1 Bd7
22. Nc1 Rac8 23. Na2 Be6 24. Nb4 Kh8 25. Re2 Rce8 26. Rde1 Bf7 27. Rxe8 1/2-1/2

[Event "European Youth Chess Championship G14"]
[Site "Prague, Top Hotel Prague"]
[Date "2016.08.18"]
[Round "1.34"]
[White "Leonova, Ameliya"]
[Black "Moscicka, Pola"]
[Result "0-1"]
[WhiteElo "1513"]
[BlackElo "1853"]
[PlyCount "66"]
[EventDate "2016.08.18"]

1. e4 c6 2. d4 d5 3. e5 Bf5 4. Nf3 e6 5. Be2 Nd7 6. O-O c5 7. c3 Ne7 8. b4 c4
9. Nh4 a5 10. b5 a4 11. Bg5 Qa5 12. Bxe7 Bxe7 13. Nxf5 exf5 14. Qc2 g6 15. Nd2
O-O 16. Rab1 a3 17. Bf3 Nb6 18. Rfe1 Rfd8 19. Nf1 Na4 20. Rbc1 Bg5 21. Ne3 Bxe3
22. fxe3 Nb2 23. Qe2 Qxb5 24. Rc2 Qa5 25. g3 Ra6 26. Qg2 Rb6 27. g4 fxg4 28.
Bxg4 Nd3 29. Rf1 Rf8 30. Qf3 f5 31. exf6 Rbxf6 32. Be6+ Kg7 33. Qg2 Rxf1+ 0-1

[Event "European Youth Chess Championship G14"]
[Site "Prague, Top Hotel Prague"]
[Date "2016.08.18"]
[Round "1.35"]
[White "Kucharska, Honorata"]
[Black "Lagazauri, Tamar"]
[Result "1-0"]
[WhiteElo "1851"]
[BlackElo "1505"]
[PlyCount "145"]
[EventDate "2016.08.18"]

1. e4 d6 2. d4 Nf6 3. Nc3 g6 4. Nf3 Bg7 5. Bc4 O-O 6. O-O Bg4 7. h3 Bxf3 8.
Qxf3 c6 9. Bg5 Nbd7 10. Rad1 Qc7 11. a4 h6 12. Bh4 Rfe8 13. Rfe1 e5 14. d5 a6
15. dxc6 bxc6 16. Qd3 Nb6 17. Bb3 Red8 18. a5 Nc8 19. Qc4 g5 20. Bg3 Nh5 21.
Nd5 Qb7 22. Ne3 Nf4 23. Bxf4 gxf4 24. Nf5 Rd7 25. Ba4 Na7 26. Nxd6 Qc7 27. Nf5
Nb5 28. Rxd7 Qxd7 29. Qc5 Re8 30. Bxb5 cxb5 31. Qb6 Re6 32. Qc5 Re8 33. Qc3 Re6
34. Qf3 Qc7 35. Qd3 Qxa5 36. Rd1 Qc7 37. c3 Kh7 38. Qe2 Qc4 39. Qxc4 bxc4 40.
Rd6 Bf8 41. Rxe6 fxe6 42. Nh4 Kg7 43. Nf3 Bd6 44. Nd2 Bc7 45. Nxc4 Kf7 46. Kf1
Ke7 47. Ke2 Kd7 48. g4 Kc6 49. b3 Kc5 50. Kd3 a5 51. f3 Kb5 52. Na3+ Kc5 53.
Nc2 Bd8 54. b4+ axb4 55. cxb4+ Kb5 56. Kc3 Be7 57. Kb3 Bd8 58. Na3+ Kc6 59. Kc4
Be7 60. Nb1 Kb6 61. Nc3 Kc6 62. Na4 Bh4 63. b5+ Kd6 64. Nc5 Bf2 65. Nd3 Bb6 66.
Kb4 Bd8 67. Nb2 Kc7 68. Nc4 Bf6 69. b6+ Kc6 70. Ka5 Kc5 71. Ka6 Bd8 72. Nxe5
Kb4 73. Nc6+ 1-0

[Event "European Youth Chess Championship G14"]
[Site "Prague, Top Hotel Prague"]
[Date "2016.08.18"]
[Round "1.36"]
[White "Lorencova, Michaela"]
[Black "Bellahcene, Meriem"]
[Result "0-1"]
[WhiteElo "1491"]
[BlackElo "1837"]
[PlyCount "102"]
[EventDate "2016.08.18"]

1. e4 c5 2. Nf3 Nc6 3. d4 cxd4 4. Nxd4 g6 5. Nc3 Bg7 6. Be3 Nf6 7. Nb3 O-O 8.
Be2 d6 9. O-O a5 10. a4 Nb4 11. f3 Be6 12. Qd2 Bxb3 13. cxb3 Nd7 14. Rac1 Nc5
15. Bxc5 dxc5 16. Rfd1 Qxd2 17. Rxd2 Bh6 18. Rcd1 Bxd2 19. Rxd2 Rfd8 20. Rxd8+
Rxd8 21. Kf1 Kg7 22. Ke1 Nc2+ 23. Kf2 Rd6 24. Bc4 Rd2+ 25. Ne2 Nb4 26. Ke1 Rxb2
27. g3 Rb1+ 28. Kd2 Rh1 29. h4 Nc6 30. f4 b6 31. e5 Rh2 32. Ke3 Nb4 33. Kd2 Kf8
34. Ke1 Rh1+ 35. Kd2 e6 36. Nc3 Rg1 37. Ne2 Rg2 38. Ke1 Nc2+ 39. Kf1 Ne3+ 40.
Ke1 Nxc4 41. bxc4 Rh2 42. Kf1 Kg7 43. Ke1 Rh1+ 44. Kd2 f6 45. exf6+ Kxf6 46.
Kc2 Kf5 47. Kd2 Ke4 48. Kc2 Rh2 49. Kd1 Kd3 50. Nc1+ Kxc4 51. Ne2 Kb4 0-1

[Event "European Youth Chess Championship G14"]
[Site "Prague, Top Hotel Prague"]
[Date "2016.08.18"]
[Round "1.37"]
[White "Laurincova, Kristyna"]
[Black "Vetshtein, Lior"]
[Result "0-1"]
[WhiteElo "1815"]
[BlackElo "1489"]
[PlyCount "60"]
[EventDate "2016.08.18"]

1. e4 e6 2. d4 d5 3. Nd2 c5 4. c3 Nc6 5. exd5 exd5 6. Ndf3 cxd4 7. Nxd4 Nf6 8.
Bf4 a6 9. Ngf3 Bc5 10. Nb3 Ba7 11. Bd3 O-O 12. O-O Re8 13. h3 Bd7 14. Bc2 Rc8
15. Bg5 Be6 16. Qd3 h6 17. Bxf6 Qxf6 18. Rfe1 g6 19. Qd2 Kh7 20. Nh2 d4 21.
Nxd4 Nxd4 22. cxd4 Qxd4 23. Re2 Bc4 24. Rxe8 Qxd2 25. Bxg6+ Kxg6 26. Rxc8 Qxf2+
27. Kh1 Bd5 28. Rg8+ Kh7 29. Rg4 Qxb2 30. Rf1 Qxa2 0-1

[Event "European Youth Chess Championship G14"]
[Site "Prague, Top Hotel Prague"]
[Date "2016.08.18"]
[Round "1.38"]
[White "Kvamme, Ingrid Jodre"]
[Black "Gresova, Zuzana"]
[Result "0-1"]
[WhiteElo "1486"]
[BlackElo "1810"]
[PlyCount "138"]
[EventDate "2016.08.18"]

1. Nf3 d5 2. c4 c6 3. b3 Nf6 4. g3 Bg4 5. Bg2 e6 6. Bb2 Nbd7 7. O-O Bd6 8. d3
O-O 9. Nbd2 Qe7 10. Qc2 Rac8 11. e4 dxe4 12. dxe4 e5 13. a3 a5 14. h3 Bh5 15.
Nh4 Qd8 16. Nf5 Bc5 17. Rfe1 Re8 18. Bc3 Nb6 19. b4 axb4 20. axb4 Bf8 21. c5
Na8 22. Nc4 Re6 23. g4 Bg6 24. Bxe5 Nc7 25. Rad1 Qe8 26. Ncd6 Bxd6 27. Nxd6 Qf8
28. Nxc8 Qxc8 29. Bf4 Ncd5 30. Qd2 Nxf4 31. Qxf4 h6 32. Rd6 Kh7 33. e5 Ne8 34.
Rxe6 Qxe6 35. Be4 Nc7 36. Bxg6+ Qxg6 37. Qe4 Nd5 38. f4 h5 39. Kg2 Kh6 40.
Qxg6+ Kxg6 41. f5+ Kg5 42. Re4 hxg4 43. hxg4 Ne7 44. Kg3 g6 45. fxg6 Kxg6 46.
e6 f5 47. gxf5+ Kxf5 48. Kf3 Kf6 49. Kf4 Nd5+ 50. Kg4 Ne7 51. Kf3 Nd5 52. Kg4
Ne7 53. Kf4 Nd5+ 54. Kf3 Ne7 55. Ke3 Nd5+ 56. Kd4 Nc7 57. e7 Kf7 58. Re5 Ke8
59. Re4 Nd5 60. Kc4 Nc7 61. Kd4 Nd5 62. Kc4 Nc7 63. Re5 Nb5 64. Kd3 Nc7 65. Ke4
Na6 66. Kf5 Nxb4 67. Kf6 Nd5+ 68. Ke6 Nf6 69. Rh5 Nxh5 0-1

[Event "European Youth Chess Championship G14"]
[Site "Prague, Top Hotel Prague"]
[Date "2016.08.18"]
[Round "1.39"]
[White "Moenster, Madita"]
[Black "Mura, Marta"]
[Result "1-0"]
[WhiteElo "1808"]
[BlackElo "1483"]
[PlyCount "103"]
[EventDate "2016.08.18"]

1. e4 e6 2. d4 d5 3. Nc3 dxe4 4. Nxe4 Bd7 5. Nf3 Bc6 6. Bd3 Nd7 7. c3 Be7 8.
O-O Bxe4 9. Bxe4 c6 10. Re1 Ngf6 11. Bc2 O-O 12. Bf4 Re8 13. Qe2 Qb6 14. Bb3 c5
15. Rad1 cxd4 16. Rxd4 Bc5 17. Rdd1 Rad8 18. Ba4 Rf8 19. Ne5 Nxe5 20. Bxe5 Nd5
21. a3 Qa5 22. Bc2 Qb6 23. c4 Ne7 24. b4 Bd4 25. c5 Bxc5 26. bxc5 Qxc5 27. a4
Rxd1 28. Rxd1 Nc6 29. Bd6 Qc3 30. Bxf8 Kxf8 31. Qd3 Qxd3 32. Rxd3 Nb4 33. Rc3
Nc6 34. Be4 Ke7 35. Bxc6 bxc6 36. Rxc6 Kd7 37. Rc3 Kd6 38. a5 Kd7 39. a6 Kd6
40. Kf1 Kd7 41. Ke2 Kd8 42. Kd3 Kd7 43. Kd4 Kd6 44. Rc5 f6 45. Kc4 e5 46. Kb5
h6 47. Rc8 Kd7 48. Ra8 Kd6 49. Rxa7 g5 50. Rb7 f5 51. a7 e4 52. a8=Q 1-0

[Event "European Youth Chess Championship G14"]
[Site "Prague, Top Hotel Prague"]
[Date "2016.08.18"]
[Round "1.40"]
[White "Zhbanova, Angelina"]
[Black "Granovskaya, Ekaterina"]
[Result "1-0"]
[WhiteElo "1465"]
[BlackElo "1805"]
[PlyCount "43"]
[EventDate "2016.08.18"]

1. e4 e5 2. Nf3 Nc6 3. Bc4 Bc5 4. c3 Nf6 5. d3 O-O 6. Bb3 a6 7. Nbd2 Ba7 8. O-O
d5 9. Qe2 Re8 10. h3 d4 11. Rd1 Na5 12. Bc2 c5 13. Nc4 Nc6 14. Ncd2 Qc7 15. Nf1
Ne7 16. Bb3 h6 17. Nh4 g5 18. Qf3 Kg7 19. Ng3 gxh4 20. Nh5+ Nxh5 21. Qxf7+ Kh8
22. Qxe8+ 1-0

[Event "European Youth Chess Championship G14"]
[Site "Prague, Top Hotel Prague"]
[Date "2016.08.18"]
[Round "1.41"]
[White "Hereklioglu, Sude"]
[Black "Davidson, Laura"]
[Result "1/2-1/2"]
[WhiteElo "1801"]
[BlackElo "1453"]
[PlyCount "70"]
[EventDate "2016.08.18"]

1. d4 Nf6 2. Nc3 d5 3. Bg5 g6 4. Bxf6 exf6 5. g3 f5 6. Bg2 c6 7. Nf3 Bg7 8. O-O
O-O 9. b4 Be6 10. e3 Nd7 11. Na4 b6 12. c3 Rc8 13. Ne1 Qe7 14. Nd3 Rfd8 15. Rc1
Rc7 16. h3 Rdc8 17. f4 h6 18. Nab2 c5 19. bxc5 bxc5 20. Na4 cxd4 21. exd4 Nf6
22. Nac5 Qd6 23. Nxe6 Qxe6 24. Re1 Qd6 25. Nc5 Ne4 26. Bxe4 fxe4 27. Rb1 Qf6
28. Qb3 Qf5 29. Re3 h5 30. Rf1 Bh6 31. Na6 Rd7 32. Kg2 Kh7 33. Qd1 Qf6 34. Nc5
Rdd8 35. f5 Bxe3 $11 1/2-1/2

[Event "European Youth Chess Championship G14"]
[Site "Prague, Top Hotel Prague"]
[Date "2016.08.18"]
[Round "1.42"]
[White "Rosenbaumova, Lea"]
[Black "Hajiyeva, Laman"]
[Result "0-1"]
[WhiteElo "1432"]
[BlackElo "1800"]
[PlyCount "70"]
[EventDate "2016.08.18"]

1. e4 d5 2. exd5 Nf6 3. Bb5+ Bd7 4. Be2 Bf5 5. d4 Nxd5 6. a3 e6 7. c4 Nb6 8.
Nf3 Be7 9. Nc3 O-O 10. O-O Bf6 11. h3 Nc6 12. Be3 Re8 13. Rc1 a5 14. Re1 h6 15.
Bf1 Ne7 16. Bf4 g5 17. Be5 Nc6 18. g4 Bh7 19. Nb5 Bxe5 20. dxe5 Qe7 21. Bd3
Bxd3 22. Qxd3 Rad8 23. Qe2 Rd7 24. Red1 Red8 25. b3 a4 26. b4 Kg7 27. c5 Nd5
28. Qc2 Nf4 29. Kh2 Nd3 30. Rb1 Ndxe5 31. Nxe5 Nxe5 32. Qxa4 Qf6 33. Kg1 Nf3+
34. Kg2 Nh4+ 35. Kg1 Qf3 0-1

[Event "European Youth Chess Championship G14"]
[Site "Prague, Top Hotel Prague"]
[Date "2016.08.18"]
[Round "1.44"]
[White "Levin, Emily"]
[Black "Esadze, Tamari"]
[Result "0-1"]
[WhiteElo "1390"]
[BlackElo "1763"]
[PlyCount "90"]
[EventDate "2016.08.18"]

1. d4 Nf6 2. c4 e6 3. Nc3 Bb4 4. e3 b6 5. Nge2 Bb7 6. a3 Bxc3+ 7. Nxc3 O-O 8.
b3 d6 9. Bb2 Ne4 10. Nxe4 Bxe4 11. Qg4 f5 12. Qg3 Qf6 13. Be2 f4 14. exf4 Qxf4
15. Qxf4 Rxf4 16. O-O Nd7 17. Rac1 Raf8 18. f3 Bb7 19. Rfe1 g5 20. Bd3 g4 21.
fxg4 Rxg4 22. Re2 c5 23. dxc5 Nxc5 24. Bc2 e5 25. Rf1 Rxf1+ 26. Kxf1 Be4 27.
Bxe4 Nxe4 28. Ke1 Nc5 29. h3 Rg3 30. b4 Nd3+ 31. Kd1 Nxb2+ 32. Rxb2 Rxa3 33.
Rc2 Kf7 34. b5 Ke6 35. Ke2 Kf5 36. Kf2 e4 37. Ke2 Ke5 38. Rd2 Rc3 39. Rd5+ Kf4
40. Rxd6 Rc2+ 41. Kf1 Ke3 42. Kg1 Ke2 43. Rd7 e3 44. Rxa7 Kd1 45. Rd7+ Rd2 0-1

[Event "European Youth Chess Championship G14"]
[Site "Prague, Top Hotel Prague"]
[Date "2016.08.18"]
[Round "1.45"]
[White "Rinaudo, Giada"]
[Black "Sorensen, Signe Sofie Boss"]
[Result "1-0"]
[WhiteElo "1754"]
[BlackElo "1369"]
[PlyCount "69"]
[EventDate "2016.08.18"]

1. Nf3 d5 2. g3 Nc6 3. Bg2 Nf6 4. d3 e5 5. Nbd2 Bc5 6. O-O O-O 7. e4 d4 8. Nh4
Be6 9. f4 exf4 10. gxf4 Ng4 11. Ndf3 Ne3 12. Bxe3 dxe3 13. Kh1 Bg4 14. h3 Bxf3
15. Nxf3 Qf6 16. c3 Qxf4 17. d4 Be7 18. Ne5 Qg3 19. Nxc6 bxc6 20. Rf3 Qg5 21.
Qe2 Rab8 22. Rf5 Qg3 23. Raf1 Bd6 24. e5 Be7 25. R1f3 Qg6 26. b3 Bg5 27. Rf1
Rbd8 28. Be4 Qh6 29. Qg4 Be7 30. Rh5 Qe6 31. Bxh7+ Kh8 32. Bg6+ Kg8 33. Rh8+
Kxh8 34. Qh5+ Kg8 35. Qh7# 1-0

[Event "European Youth Chess Championship G14"]
[Site "Prague, Top Hotel Prague"]
[Date "2016.08.18"]
[Round "1.46"]
[White "Liiv, Kristiina"]
[Black "Slaba, Andrea"]
[Result "0-1"]
[WhiteElo "1341"]
[BlackElo "1753"]
[PlyCount "142"]
[EventDate "2016.08.18"]

1. c4 Nf6 2. Nc3 g6 3. g3 Bg7 4. Bg2 O-O 5. Nf3 d6 6. O-O e5 7. b3 Nbd7 8. Bb2
Ne8 9. e3 f5 10. d4 e4 11. Ne1 Nef6 12. Nc2 Re8 13. d5 Ne5 14. Nd4 Nd3 15. Qc2
Ng4 16. h3 Nge5 17. a3 Nf7 18. Rfd1 h5 19. h4 Nfe5 20. Bf1 Nxb2 21. Qxb2 Ng4
22. Rac1 a6 23. Bh3 Bxd4 24. Rxd4 Ne5 25. Bg2 Nd3 26. Rxd3 exd3 27. Qd2 g5 28.
hxg5 Qxg5 29. Qxd3 Kf7 30. Qd4 Rg8 31. Ne2 Bd7 32. Qf4 Qg4 33. Qxg4 hxg4 34.
Nf4 Rh8 35. Kf1 Rh7 36. Ke2 Rc8 37. a4 c6 38. Rd1 c5 39. Ra1 Ra8 40. Kd2 Rah8
41. a5 Rb8 42. Kc3 b6 43. Bf1 b5 44. Kc2 bxc4 45. Bxc4 Bb5 46. Kc3 Bxc4 47.
Kxc4 Rb4+ 48. Kc3 Rh8 49. Ra3 Rb5 50. Kc4 Re8 51. Nd3 Re4+ 52. Kc3 Kf6 53. Ra2
Re8 54. Ra3 Rh8 55. Kc2 Re8 56. Kc3 Re5 57. Nf4 Rb8 58. Ra2 Rh8 59. Rb2 Rh2 60.
Ra2 Rxe3+ 61. Nd3 Rxg3 62. Kc4 Rxd3 63. Kxd3 g3 64. Ke3 Rxf2 65. Ra1 f4+ 66.
Kd3 g2 67. Re1 Rf1 68. Re6+ Kf5 69. Rxd6 g1=Q 70. Rxa6 Qd4+ 71. Kc2 Rf2+ 0-1

[Event "European Youth Chess Championship G14"]
[Site "Prague, Top Hotel Prague"]
[Date "2016.08.18"]
[Round "1.47"]
[White "Tomcikova, Dominika"]
[Black "Janotkova, Katerina"]
[Result "1-0"]
[WhiteElo "1741"]
[BlackElo "1229"]
[PlyCount "95"]
[EventDate "2016.08.18"]

1. e4 c5 2. Nc3 a6 3. f4 d6 4. a4 Nc6 5. Nf3 Qc7 6. d3 Nf6 7. g3 e6 8. Bg2 Be7
9. O-O h5 10. Be3 Bd7 11. Qe2 a5 12. Nb5 Qb8 13. b3 g6 14. Qd2 d5 15. exd5 Nxd5
16. Bf2 Bf6 17. Rad1 Na7 18. c4 Nxb5 19. axb5 Nb6 20. Bxc5 Qc7 21. Qe3 Bd8 22.
Bxb6 Qxb6 23. Qxb6 Bxb6+ 24. d4 O-O 25. Ne5 Bc8 26. c5 Bd8 27. Nc4 a4 28. Ra1
Bf6 29. Rfd1 Rd8 30. Ne5 a3 31. Ra2 Ra5 32. b6 Rxc5 33. dxc5 Rxd1+ 34. Kf2 Rc1
35. b4 Bxe5 36. fxe5 Rb1 37. Rxa3 Rb2+ 38. Ke3 Rxg2 39. Ra8 Kf8 40. Rxc8+ Kg7
41. Rc7 Rb2 42. Rxb7 Rxb4 43. c6 Rc4 44. c7 Rc5 45. Kd4 Rc2 46. Rb8 Rd2+ 47.
Ke3 Rxh2 48. c8=Q 1-0